The institution of property : (Record no. 1596)

MARC details
000 -LEADER
fixed length control field 01919cam a22003974a 4500
001 - CONTROL NUMBER
control field data
005 - DATE AND TIME OF LATEST TRANSACTION
control field 20260322212108.0
008 - FIXED-LENGTH DATA ELEMENTS--GENERAL INFORMATION
fixed length control field data
035 ## - SYSTEM CONTROL NUMBER
System control number 14613606
010 ## - LIBRARY OF CONGRESS CONTROL NUMBER
LC control number 2006036097
020 ## - INTERNATIONAL STANDARD BOOK NUMBER
International Standard Book Number 9781584777373
Qualifying information cloth : alk. paper
020 ## - INTERNATIONAL STANDARD BOOK NUMBER
International Standard Book Number 1584777370
Qualifying information cloth : alk. paper
040 ## - CATALOGING SOURCE
Original cataloging agency DLC
Transcribing agency DLC
Modifying agency DLC
043 ## - GEOGRAPHIC AREA CODE
Geographic area code n-us---
050 00 - LIBRARY OF CONGRESS CALL NUMBER
Classification number K720
Item number .N69 2007
082 00 - DEWEY DECIMAL CLASSIFICATION NUMBER
Classification number 346.04
Edition information 22
100 1# - MAIN ENTRY--PERSONAL NAME
Personal name Noyes, C. Reinold
Fuller form of name (Charles Reinold),
Dates associated with a name 1884-
245 14 - TITLE STATEMENT
Title The institution of property :
Remainder of title a study of the development, substance, and arrangement of the system of property in modern Anglo-American law /
Statement of responsibility, etc. by C. Reinold Noyes.
260 ## - PUBLICATION, DISTRIBUTION, ETC.
Place of publication, distribution, etc. Clark, NJ :
Name of publisher, distributor, etc. Lawbook Exchange,
Date of publication, distribution, etc. 2007.
300 ## - PHYSICAL DESCRIPTION
Extent xiv, 645 p. ;
Dimensions 26 -cm.
336 ## - CONTENT TYPE
Content type term text
Content type code txt
Source rdacontent
337 ## - MEDIA TYPE
Media type term unmediated
Media type code n
Source rdamedia
338 ## - CARRIER TYPE
Carrier type term volume
Carrier type code nc
Source rdacarrier
500 ## - GENERAL NOTE
General note Originally published: New York : Longmans, Green and Co., 1936.
504 ## - BIBLIOGRAPHY, ETC. NOTE
Bibliography, etc. note Includes bibliographical references and index.
505 0# - FORMATTED CONTENTS NOTE
Formatted contents note The organization of early Roman society -- The development of the Roman system of property -- The foundations of the English, or feudal, system of property -- The modern juristic analysis of proerty : legal theory -- Property in modern American law : legal practice -- The substance and structure of modern property.
650 #0 - SUBJECT ADDED ENTRY--TOPICAL TERM
Topical term or geographic name entry element Property.
650 #0 - SUBJECT ADDED ENTRY--TOPICAL TERM
Topical term or geographic name entry element Property
General subdivision History.
650 #0 - SUBJECT ADDED ENTRY--TOPICAL TERM
Topical term or geographic name entry element Property (Roman law)
650 #0 - SUBJECT ADDED ENTRY--TOPICAL TERM
Topical term or geographic name entry element Property
Geographic subdivision United States.
856 41 - ELECTRONIC LOCATION AND ACCESS
Materials specified Table of contents only
Uniform Resource Identifier <a href="http://www.loc.gov/catdir/toc/ecip073/2006036097.html">http://www.loc.gov/catdir/toc/ecip073/2006036097.html</a>
906 ## - LOCAL DATA ELEMENT F, LDF (RLIN)
a 7
b cbc
c orignew
d 1
e ecip
f 20
g y-gencatlg
925 0# -
-- acquire
-- 2 shelf copies
-- policy default
955 ## - COPY-LEVEL INFORMATION (RLIN)
-- sg77 2006-10-30 to Dewey
-- sg11 2007-11-21
-- sg11 2007-11-21 to LL
Holdings
Withdrawn status Lost status Damaged status Not for loan Home library Current library Shelving location Date acquired Total checkouts Full call number Barcode Date last seen Price effective from Koha item type
        Liberty Liberty General stacks 22/03/2026   346.04 LOC-LPL-00059 22/03/2026 22/03/2026 Books